000 00496nam a2200181Ia 4500
005 20250508152654.0
008 008 250505s9999 xx 000 0 eng d
037 _aTextual
040 _aFEDL
_beng
_cFEDL
041 _aeng
_2eng
084 _aB, RAD
_qFEDL
100 _aRadhakrishnan S
245 0 _aMy search for truth
260 _aAgra, India
_bShivalal Agarwala and Company Private Limited
_c1956
300 _a49p.
942 _cTEXL
_hB, RAD
999 _c1337947
_d1337947